[Event "Politiken Cup"]
[Site "Copenhagen"]
[Date "2006.07.28"]
[Round "7.100"]
[White "Goetzee, Rick"]
[Black "Muratet Casadevall, Elias"]
[Result "1-0"]
[WhiteElo "1641"]
[BlackElo "1978"]
[PlyCount "57"]
[EventDate "2006.??.??"]

1. d4 d6 2. c4 Nf6 3. g3 g6 4. Bg2 Bg7 5. Nc3 O-O 6. Nf3 c6 7. O-O Be6 8. d5
cxd5 9. cxd5 Bd7 10. e4 Na6 11. Re1 Ng4 12. Rb1 Rc8 13. h3 Ne5 14. Nxe5 Bxe5
15. Be3 b6 16. Bd4 f6 17. f4 Bxd4+ 18. Qxd4 Qc7 19. Bf1 Qc5 20. Qxc5 Nxc5 21.
Rbc1 Na4 22. Ba6 Rc5 23. Nxa4 Ra5 24. Rc7 Bxa4 25. Bf1 Be8 26. Rxe7 Rxa2 27.
Rc1 g5 28. Rcc7 Bf7 29. Be2 1-0

[Event "Politiken Cup"]
[Site "Copenhagen"]
[Date "2006.07.28"]
[Round "7.101"]
[White "Svanholm, Borge Waaktaar"]
[Black "Zyde, Fadmal"]
[Result "1-0"]
[WhiteElo "1978"]
[BlackElo "1652"]
[PlyCount "169"]
[EventDate "2006.??.??"]

1. c4 e5 2. g3 Nf6 3. Bg2 c6 4. d4 exd4 5. Qxd4 Na6 6. Nc3 Nb4 7. Qd2 Bc5 8.
Nh3 d6 9. a3 Na6 10. b4 Bb6 11. O-O Be6 12. Qd3 Qd7 13. Nf4 Bf5 14. e4 Be6 15.
Bb2 Ng4 16. Na4 Ne5 17. Qc2 O-O 18. Nxb6 axb6 19. Nxe6 Qxe6 20. Rac1 Nc7 21.
Qc3 f6 22. f4 Nf7 23. Rcd1 Rad8 24. Rfe1 Qe7 25. h3 Rd7 26. Kh2 Rfd8 27. h4 Ne6
28. Bh3 Rc7 29. Qb3 Nf8 30. Re3 Kh8 31. Rde1 Re8 32. Kg2 Qd8 33. Kf3 Rce7 34.
Qd3 Nd7 35. g4 h6 36. Qc3 Kh7 37. g5 Nh8 38. Qc2 fxg5 39. hxg5 h5 40. e5+ g6
41. exd6 Rxe3+ 42. Rxe3 Nf7 43. Rxe8 Qxe8 44. Qc3 Nde5+ 45. fxe5 Nxg5+ 46. Kg2
Qf8 47. Qe3 Nxh3 48. Kxh3 Qf5+ 49. Kg3 Qg4+ 50. Kf2 Qxc4 51. Bc1 Qc2+ 52. Bd2
Qf5+ 53. Qf4 Qe6 54. Qg5 Kg7 55. Qe7+ Qxe7 56. dxe7 Kf7 57. Bg5 c5 58. bxc5
bxc5 59. Ke3 b5 60. Kd3 Ke8 61. Ke4 c4 62. Kd4 Kd7 63. Kc3 Ke8 64. Kb4 Kd7 65.
a4 bxa4 66. Kxa4 c3 67. Kb3 c2 68. Kxc2 h4 69. Bxh4 g5 70. Bxg5 Ke8 71. Kd3 Kd7
72. Kd4 Ke8 73. Kd5 Kd7 74. Bh4 Ke8 75. Kd6 Kf7 76. Kd7 Kg6 77. e8=Q+ Kf5 78.
Qf7+ Ke4 79. e6 Kd5 80. e7+ Kc5 81. e8=Q Kd4 82. Qf4+ Kc5 83. Qee5+ Kb6 84.
Qb4+ Ka6 85. Qa1# 1-0

[Event "Politiken Cup"]
[Site "Copenhagen"]
[Date "2006.07.28"]
[Round "7.102"]
[White "Nielsen, Preben"]
[Black "Harestad.Ove Henning"]
[Result "1-0"]
[WhiteElo "1972"]
[BlackElo "1590"]
[PlyCount "131"]
[EventDate "2006.??.??"]

1. e4 c5 2. Nc3 d6 3. f4 e6 4. Nf3 Nf6 5. Bc4 Be7 6. O-O d5 7. Bb5+ Nc6 8. Ne5
Bd7 9. Bxc6 Bxc6 10. Nxc6 bxc6 11. e5 Nd7 12. Qg4 O-O 13. Rf3 Qe8 14. Rg3 g6
15. d3 f5 16. exf6 Bxf6 17. Bd2 Qf7 18. Re1 Rae8 19. Rf3 Bg7 20. Nd1 Qf5 21.
Qxf5 exf5 22. c3 Rxe1+ 23. Bxe1 Re8 24. Kf1 Kf7 25. Bf2 h6 26. Be1 Rb8 27. Rf2
Bf6 28. Rc2 Be7 29. Bf2 g5 30. Bg3 g4 31. Be1 h5 32. b4 a6 33. g3 Kf6 34. a3
Rb7 35. Rb2 Rb8 36. Ne3 cxb4 37. cxb4 a5 38. Bc3+ Kg6 39. Rc2 a4 40. Be5 Nxe5
41. fxe5 Rb6 42. Rf2 Bxb4 43. axb4 Rxb4 44. Ra2 Rb3 45. Ke2 a3 46. Nc2 c5 47.
Rxa3 Rb2 48. Kd2 Rb5 49. Ra2 f4 50. gxf4 h4 51. Ne3 d4 52. Nxg4 Kf5 53. Nf2
Kxf4 54. Ke2 Kxe5 55. Ne4 c4 56. dxc4 Rb3 57. Nd2 Re3+ 58. Kf2 Kf4 59. Rc2 d3
60. Ra2 Re2+ 61. Kg1 h3 62. c5 Ke3 63. Nc4+ Kf3 64. Nd2+ Ke3 65. Nf1+ Kf3 66.
Rd2 1-0

[Event "Politiken Cup"]
[Site "Copenhagen"]
[Date "2006.07.28"]
[Round "7.103"]
[White "Harders, Poul Erik"]
[Black "Rasmussen, Henning"]
[Result "1/2-1/2"]
[WhiteElo "1585"]
[BlackElo "1927"]
[PlyCount "44"]
[EventDate "2006.??.??"]

1. d4 Nf6 2. c4 c5 3. d5 b5 4. Nf3 bxc4 5. Nc3 g6 6. e4 d6 7. Bxc4 Bg7 8. O-O
O-O 9. h3 Ba6 10. Nd2 Bxc4 11. Nxc4 Nfd7 12. Be3 Nb6 13. Nxb6 axb6 14. Qd2 Na6
15. a3 Nc7 16. Bh6 b5 17. Bxg7 Kxg7 18. b3 Qd7 19. f4 f6 20. Rfe1 Rfb8 21. e5
b4 22. axb4 cxb4 1/2-1/2

[Event "Politiken Cup"]
[Site "Copenhagen"]
[Date "2006.07.28"]
[Round "7.104"]
[White "Hernandez Castro, Julio Cesar"]
[Black "Marcussen, Johnni A"]
[Result "1-0"]
[WhiteElo "1916"]
[BlackElo "1563"]
[PlyCount "81"]
[EventDate "2006.??.??"]

1. d4 e6 2. c4 c5 3. e3 Nf6 4. Nf3 cxd4 5. exd4 d5 6. Nc3 Be7 7. Bf4 a6 8. Bd3
Nc6 9. Rc1 dxc4 10. Bxc4 Bb4 11. O-O O-O 12. Re1 Nd5 13. Bg3 Nxc3 14. bxc3 Bd6
15. Re4 Bxg3 16. hxg3 Na5 17. Bd3 b5 18. Rh4 f5 19. Ne5 Qg5 20. Rh5 Qf6 21. g4
g6 22. g5 Qe7 23. Rh4 Qxg5 24. Nf3 Qe7 25. Qd2 Rf7 26. Qh6 Ra7 27. Re1 Qf8 28.
Qf4 Qg7 29. Ng5 Rfe7 30. Rxh7 Qf6 31. Rh3 Rac7 32. Bb1 Nc4 33. Ne4 Qf8 34. Qh4
fxe4 35. Qh8+ Kf7 36. Rf3+ exf3 37. Bxg6+ Kxg6 38. Qxf8 fxg2 39. Re4 Rf7 40.
Rg4+ Kf5 41. Qg8 1-0

[Event "Politiken Cup"]
[Site "Copenhagen"]
[Date "2006.07.28"]
[Round "7.105"]
[White "Traerup, Jorgen"]
[Black "Hinman, Chris"]
[Result "0-1"]
[WhiteElo "1855"]
[BlackElo "1343"]
[PlyCount "92"]
[EventDate "2006.??.??"]

1. e4 c5 2. Nf3 Nc6 3. Nc3 d6 4. d4 cxd4 5. Nxd4 g6 6. Bb5 Bd7 7. O-O Bg7 8.
Bxc6 bxc6 9. Re1 e6 10. Nde2 d5 11. exd5 cxd5 12. Nxd5 exd5 13. Nf4+ Ne7 14.
Nxd5 Be6 15. Bg5 Qxd5 16. Qxd5 Nxd5 17. c3 Nxc3 18. Rac1 Nd5 19. Rc5 O-O 20.
Rd1 h6 21. Bh4 g5 22. Bg3 Rfd8 23. h4 gxh4 24. Bxh4 Bf6 25. Bg3 Bxb2 26. Rb5
Bf6 27. Kh2 Nc3 28. Rxd8+ Rxd8 29. Rh5 Kh7 30. Bf4 Bg7 31. a3 a5 32. Rxa5 Rd4
33. Be3 Ra4 34. Bb6 Rxa5 35. Bxa5 Nd5 36. Bd2 Bd7 37. g3 Bb2 38. f3 Bxa3 39. g4
Bd6+ 40. Kh3 Bf4 41. Ba5 Kg6 42. Bd8 Ne3 43. Bh4 Bc6 44. Bf2 Bxf3 45. Bg3 Bxg4+
46. Kh4 Bg5# 0-1

[Event "Politiken Cup"]
[Site "Copenhagen"]
[Date "2006.07.28"]
[Round "7.106"]
[White "Petersen, Nicolai Kvist Brond"]
[Black "Christensen, Verner"]
[Result "1-0"]
[WhiteElo "1562"]
[BlackElo "1846"]
[PlyCount "111"]
[EventDate "2006.??.??"]

1. d4 Nf6 2. Nf3 g6 3. Bf4 Bg7 4. e3 O-O 5. h3 b6 6. Be2 Na6 7. c3 c5 8. O-O
Nc7 9. Nbd2 d6 10. a4 Ne6 11. Bh2 a6 12. b4 Bb7 13. bxc5 bxc5 14. Rb1 Qc7 15.
Qb3 Rfb8 16. Qa2 Nd5 17. Rb3 cxd4 18. Bc4 dxe3 19. Rxb7 Nxc3 20. Rxc7 Nxa2 21.
Bxe6 exf2+ 22. Rxf2 fxe6 23. Rxe7 Nc3 24. Bxd6 Rd8 25. Be5 Bxe5 26. Nxe5 Rf8
27. Rxf8+ Rxf8 28. Rxe6 Nxa4 29. Nxg6 hxg6 30. Rxg6+ Kh7 31. Rxa6 Nc5 32. Rc6
Nd3 33. Nf3 Kg7 34. Kh2 Nf4 35. Kg3 Nh5+ 36. Kh2 Rf5 37. Re6 Ra5 38. Re5 Rxe5
39. Nxe5 Kf6 40. Nd3 Kg5 41. g3 Nf6 42. Kg2 Kf5 43. Kf3 Kg5 44. Nf4 Kh6 45. h4
Nh7 46. g4 Nf8 47. Ke4 Kg7 48. Kf5 Kf7 49. g5 Kg8 50. h5 Kh7 51. Ne6 Nd7 52.
g6+ Kg8 53. h6 Kh8 54. h7 Nf6 55. g7+ Kxh7 56. Kxf6 1-0

[Event "Politiken Cup"]
[Site "Copenhagen"]
[Date "2006.07.28"]
[Round "7.107"]
[White "Lie, Terje"]
[Black "Christensen, Casper"]
[Result "1-0"]
[WhiteElo "1842"]
[BlackElo "1252"]
[PlyCount "47"]
[EventDate "2006.??.??"]

1. d4 e6 2. c4 d5 3. Nc3 Nf6 4. cxd5 Nxd5 5. e4 Nb6 6. b3 Bb4 7. Bb2 a6 8. a3
Be7 9. Nf3 c5 10. d5 exd5 11. Nxd5 Nxd5 12. Qxd5 Qxd5 13. exd5 f6 14. Bd3 O-O
15. O-O Kh8 16. Rfe1 Bd6 17. Nh4 Bd7 18. Nf5 Bc7 19. Re7 Bxf5 20. Bxf5 Bd6 21.
Rxb7 Be5 22. Bxe5 fxe5 23. Be6 Rd8 24. Rc1 1-0

[Event "Politiken Cup"]
[Site "Copenhagen"]
[Date "2006.07.28"]
[Round "7.108"]
[White "Bøje, Tobias R"]
[Black "Jorgensen, Orla Eilegaard"]
[Result "1-0"]
[WhiteElo "1469"]
[BlackElo "1771"]
[PlyCount "79"]
[EventDate "2006.??.??"]

1. e4 d6 2. d4 Nf6 3. Nc3 g6 4. g3 Bg7 5. Bg2 c6 6. Nge2 Bg4 7. h3 Be6 8. O-O
Nbd7 9. d5 cxd5 10. exd5 Bf5 11. g4 Nxg4 12. hxg4 Bxg4 13. Be3 b6 14. f3 Bf5
15. Nd4 Ne5 16. Nxf5 gxf5 17. Bd4 f6 18. Bxe5 fxe5 19. f4 exf4 20. Qh5+ Kf8 21.
Qxf5+ Bf6 22. Rxf4 b5 23. Ne4 Rg8 24. Nxf6 exf6 25. Qxf6+ Qxf6 26. Rxf6+ Ke7
27. Raf1 Rg7 28. Re6+ Kd7 29. Rff6 Rag8 30. Rxd6+ Kc7 31. Rc6+ Kd7 32. Rf2 h5
33. Rh6 Rg5 34. Kh2 Ke7 35. d6+ Kd8 36. Bh3 Re8 37. Rhf6 Rgg8 38. Rf7 Rh8 39.
Rxa7 Rh6 40. Ra8# 1-0

[Event "Politiken Cup"]
[Site "Copenhagen"]
[Date "2006.07.28"]
[Round "7.109"]
[White "Almasy, Alexander Christian"]
[Black "Lavresen, Frands Winther"]
[Result "1-0"]
[WhiteElo "1426"]
[BlackElo "1764"]
[PlyCount "77"]
[EventDate "2006.??.??"]

1. d4 Nf6 2. Nf3 d6 3. Bg5 Nbd7 4. c4 g6 5. Nc3 Bg7 6. Qd2 O-O 7. Bh6 e5 8.
Bxg7 Kxg7 9. d5 Nc5 10. g3 Bd7 11. Bg2 a6 12. O-O b5 13. b3 b4 14. Nd1 Rb8 15.
Re1 a5 16. Nb2 Nfe4 17. Qc2 Nc3 18. Nd1 N5e4 19. Nxc3 Nxc3 20. a4 f5 21. Rf1
Qf6 22. Rae1 Rbe8 23. Nd2 e4 24. Nb1 Nxb1 25. Qxb1 Qe5 26. Qa1 f4 27. f3 e3 28.
Qxe5+ Rxe5 29. Rc1 h5 30. Rfd1 Rg5 31. gxf4 Rxf4 32. Kh1 Kf6 33. c5 Ke7 34. Rd3
Re5 35. Rdd1 Bc8 36. cxd6+ Kxd6 37. Rc6+ Ke7 38. Rxc7+ Bd7 39. Bh3 1-0

[Event "Politiken Cup"]
[Site "Copenhagen"]
[Date "2006.07.28"]
[Round "7.110"]
[White "Steinskog, Asbjørn Ottesen"]
[Black "Karstensen, Christian"]
[Result "1/2-1/2"]
[WhiteElo "1018"]
[BlackElo "1741"]
[PlyCount "87"]
[EventDate "2006.??.??"]

1. e4 e5 2. Nf3 Nc6 3. Bb5 a6 4. Ba4 Nf6 5. O-O b5 6. Bb3 Be7 7. Re1 d6 8. h3
O-O 9. c3 Na5 10. Bc2 c5 11. d4 Nc6 12. d5 Nb8 13. Nbd2 Ne8 14. Nf1 f5 15. exf5
Bxf5 16. Ng3 Bxc2 17. Qxc2 Nd7 18. b3 Nb6 19. c4 Nc7 20. Ne4 h6 21. Ng3 Qe8 22.
Qe4 Qf7 23. Qg4 Kh8 24. Bb2 bxc4 25. bxc4 Qf4 26. Re4 Qxg4 27. hxg4 Na4 28. Bc1
Rfb8 29. Nf5 Bf8 30. g5 hxg5 31. Bxg5 g6 32. Rh4+ Kg8 33. Ne7+ Bxe7 34. Bxe7
Ne8 35. Rg4 Kf7 36. Bh4 Nf6 37. Rg3 Nh5 38. Ng5+ Kg7 39. Rf3 Ra7 40. Ne6+ Kh7
41. Nf8+ Kg7 42. Ne6+ Kh7 43. Ng5+ Kg7 44. Ne6+ 1/2-1/2

[Event "Politiken Cup"]
[Site "Copenhagen"]
[Date "2006.07.28"]
[Round "7.111"]
[White "Bjornes, Leif"]
[Black "Muratet Esteban, Elias"]
[Result "1-0"]
[WhiteElo "1710"]
[BlackElo "1790"]
[PlyCount "43"]
[EventDate "2006.??.??"]

1. d4 d5 2. c4 e6 3. Nc3 Nf6 4. Bg5 Bb4 5. e3 h6 6. Bh4 Nc6 7. Nf3 Bd7 8. Rc1
O-O 9. Bd3 dxc4 10. Bxc4 Na5 11. Bd3 b6 12. Ne5 Be7 13. O-O Bc8 14. Bb1 c5 15.
Bxf6 Bxf6 16. Qc2 Re8 17. Qh7+ Kf8 18. Rfd1 Bxe5 19. dxe5 Qg5 20. Be4 Qxe5 21.
Bxa8 Nc4 22. Bc6 1-0

[Event "Politiken Cup"]
[Site "Copenhagen"]
[Date "2006.07.28"]
[Round "7.112"]
[White "Stangeland, Maren"]
[Black "Forsmann, Henning"]
[Result "0-1"]
[WhiteElo "1146"]
[BlackElo "1828"]
[PlyCount "68"]
[EventDate "2006.??.??"]

1. e4 c5 2. Nf3 Nc6 3. Bb5 Qb6 4. Bxc6 Qxc6 5. Nc3 d6 6. O-O Bg4 7. d3 e6 8.
Be3 Nf6 9. h3 Bh5 10. a4 Be7 11. Ne2 Bxf3 12. gxf3 O-O-O 13. d4 cxd4 14. Nxd4
Qd7 15. Qd2 Kb8 16. b4 e5 17. Nf5 Bf8 18. Kg2 d5 19. Ng3 d4 20. Bg5 h6 21. Bxf6
gxf6 22. Nf5 Rc8 23. b5 Rc3 24. Ne3 Rg8+ 25. Kh2 Qc8 26. Nf5 Rxf3 27. Rg1 Rxg1
28. Rxg1 Rc3 29. Rc1 d3 30. Ne3 Ba3 31. Ra1 dxc2 32. Nxc2 Rxh3+ 33. Kg2 Qg4+
34. Kf1 Rh1# 0-1

[Event "Politiken Cup"]
[Site "Copenhagen"]
[Date "2006.07.28"]
[Round "7.113"]
[White "Ulvnes, Roar"]
[Black "Gade, Jens"]
[Result "1-0"]
[WhiteElo "1659"]
[BlackElo "1395"]
[PlyCount "67"]
[EventDate "2006.??.??"]

1. e4 c5 2. Nf3 d6 3. d4 cxd4 4. Nxd4 Nf6 5. Nc3 e6 6. Bg5 Be7 7. Qd2 O-O 8.
O-O-O Nc6 9. f4 a6 10. Nxc6 bxc6 11. Bxf6 gxf6 12. Qe3 Kh8 13. Rd3 Rg8 14. Qf3
Bd7 15. Qh5 Qf8 16. g4 Rg7 17. Rg1 Qg8 18. Rgg3 e5 19. f5 Rg5 20. Qh4 a5 21.
Ne2 a4 22. Ng1 Rb8 23. Nf3 Rg7 24. Nxe5 Be8 25. Nc4 Rb4 26. b3 axb3 27. cxb3 c5
28. a3 Rb8 29. Nxd6 Bc6 30. e5 Bxd6 31. Rxd6 Bb5 32. Bxb5 Rxb5 33. Qxf6 Rb8 34.
Rgd3 1-0

[Event "Politiken Cup"]
[Site "Copenhagen"]
[Date "2006.07.28"]
[Round "7.114"]
[White "Wiggen, Frode"]
[Black "Eiholt, Bjarne"]
[Result "1/2-1/2"]
[WhiteElo "1390"]
[BlackElo "1650"]
[PlyCount "123"]
[EventDate "2006.??.??"]

1. d4 d5 2. c4 e6 3. Nc3 c6 4. cxd5 exd5 5. Nf3 Nf6 6. Bf4 Bd6 7. Ne5 Ng4 8.
Nd3 Bxf4 9. Nxf4 O-O 10. Nd3 Bf5 11. e3 Re8 12. Be2 Nf6 13. O-O Nbd7 14. Rc1
Ne4 15. Bg4 Bxg4 16. Qxg4 Ndf6 17. Qd1 Qe7 18. Re1 Nd7 19. Re2 Qd6 20. Qc2 Re6
21. Nxe4 Rxe4 22. Qb3 Rb8 23. Qa4 Ra8 24. b4 Nb6 25. Qb3 Nc4 26. Nc5 Re7 27. e4
Qh6 28. Rd1 Nd6 29. e5 Qh5 30. Rde1 Nf5 31. Qc3 Qg4 32. Nb3 Re6 33. f3 Qf4 34.
g3 Rg6 35. Rg2 Qg5 36. Qc1 Qxc1 37. Rxc1 Ne3 38. Re2 Nf5 39. Rec2 Nh4 40. Kf2
Nf5 41. b5 Rh6 42. Rh1 cxb5 43. Rc7 Rc6 44. Rc1 Rc4 45. g4 Rxc1 46. Rxc1 Ne7
47. Rc7 Nc6 48. Rxb7 a6 49. Rc7 Nb4 50. a3 Nd3+ 51. Ke2 Nf4+ 52. Ke3 Ng2+ 53.
Kf2 Nf4 54. Nc1 Ne6 55. Rd7 Nxd4 56. Rxd5 Ne6 57. Ke3 Rc8 58. Ne2 Rc5 59. Rxc5
Nxc5 60. Nd4 Nd7 61. f4 Nb6 62. Nc6 1/2-1/2

[Event "Politiken Cup"]
[Site "Copenhagen"]
[Date "2006.07.28"]
[Round "7.115"]
[White "Nielsen, Martin Skovsø"]
[Black "Christensen, Christoffer Ellegaa"]
[Result "1-0"]
[WhiteElo "1650"]
[BlackElo "1383"]
[PlyCount "59"]
[EventDate "2006.??.??"]

1. e4 e6 2. d4 d5 3. exd5 exd5 4. Bd3 Nf6 5. Bf4 Bd6 6. Bg3 O-O 7. Nc3 Re8+ 8.
Nge2 Bg4 9. f3 Bxg3+ 10. hxg3 Be6 11. Qd2 c6 12. O-O-O Nbd7 13. Rh4 b5 14. Rdh1
Nf8 15. g4 g6 16. g5 Nh5 17. g4 Ng7 18. Ng3 Qe7 19. Nd1 a5 20. f4 Qd7 21. Qh2
Bxg4 22. Rxh7 Bh5 23. Rxg7+ Kxg7 24. Nxh5+ gxh5 25. Qxh5 Ng6 26. Qh6+ Kg8 27.
Bxg6 fxg6 28. Qh8+ Kf7 29. Qf6+ Kg8 30. Rh8# 1-0

[Event "Politiken Cup"]
[Site "Copenhagen"]
[Date "2006.07.28"]
[Round "7.116"]
[White "Rasmussen, Bent"]
[Black "Jensen, Jan Erik"]
[Result "0-1"]
[WhiteElo "1646"]
[BlackElo "1304"]
[PlyCount "54"]
[EventDate "2006.??.??"]

1. d4 d5 2. c4 e6 3. Nc3 dxc4 4. e4 Nc6 5. Nf3 Bb4 6. Bxc4 h6 7. a3 Bxc3+ 8.
bxc3 Nf6 9. Qc2 b6 10. O-O Bb7 11. Re1 O-O 12. Ba2 Re8 13. Bb1 e5 14. d5 Na5
15. c4 c6 16. Bb2 cxd5 17. exd5 Rc8 18. Bxe5 Nxc4 19. Qf5 Nxe5 20. Nxe5 Qxd5
21. Be4 Nxe4 22. Rxe4 f6 23. Rg4 Qxe5 24. Qb1 Re7 25. h3 Rce8 26. Qb3+ Kh8 27.
Qd3 Qxa1+ 0-1

[Event "Politiken Cup"]
[Site "Copenhagen"]
[Date "2006.07.28"]
[Round "7.117"]
[White "Christensen, Svend Ib"]
[Black "Jensen, Frederik Jessin"]
[Result "1-0"]
[WhiteElo "1636"]
[BlackElo "1317"]
[PlyCount "47"]
[EventDate "2006.??.??"]

1. d4 e6 2. Nf3 Nf6 3. Bf4 d5 4. a3 c5 5. dxc5 Bxc5 6. b4 Bb6 7. e3 O-O 8. Nbd2
Nc6 9. Bd3 Re8 10. Ne5 Nxe5 11. Bxe5 d4 12. Qf3 dxe3 13. fxe3 Qd5 14. Bxf6 gxf6
15. Ne4 Bd8 16. Nxf6+ Bxf6 17. Qxf6 Qh5 18. Rf1 Rf8 19. Rf3 Qxh2 20. Bxh7+ Qxh7
21. Rg3+ Qg6 22. Rxg6+ fxg6 23. Qxg6+ Kh8 24. Ke2 1-0

[Event "Politiken Cup"]
[Site "Copenhagen"]
[Date "2006.07.28"]
[Round "7.118"]
[White "Snähre, Stig Allan"]
[Black "Roelvaag.Anders Birk"]
[Result "1-0"]
[WhiteElo "1594"]
[BlackElo "1274"]
[PlyCount "41"]
[EventDate "2006.??.??"]

1. d4 Nf6 2. Bg5 g6 3. Bxf6 exf6 4. c4 Bg7 5. e3 O-O 6. g3 f5 7. Bg2 c5 8. Ne2
Re8 9. O-O Nc6 10. Nbc3 cxd4 11. Nxd4 Nxd4 12. exd4 Qb6 13. Nd5 Qxb2 14. Re1
Rxe1+ 15. Qxe1 Bxd4 16. Qe8+ Kg7 17. Rf1 Qxa2 18. Ne7 a5 19. Bd5 Kh6 20. Ng8+
Kh5 21. Bf3+ 1-0

[Event "Politiken Cup"]
[Site "Copenhagen"]
[Date "2006.07.28"]
[Round "7.119"]
[White "Palvig, David Kinch"]
[Black "Ontiveros, John"]
[Result "0-1"]
[WhiteElo "1238"]
[BlackElo "1560"]
[PlyCount "78"]
[EventDate "2006.??.??"]

1. f4 g6 2. e4 c5 3. Nf3 Bg7 4. d4 d6 5. dxc5 Qa5+ 6. Bd2 Qxc5 7. Nc3 Nf6 8.
Bd3 e6 9. Qe2 Nc6 10. O-O-O Nb4 11. Rdg1 Ng4 12. Bb5+ Kf8 13. Kb1 a6 14. Bc4 b5
15. Bb3 Nc6 16. h3 Nf6 17. g4 Na5 18. h4 h5 19. Be3 Qc7 20. g5 Ng4 21. Bd4 Bb7
22. Bxg7+ Kxg7 23. Rd1 Nxb3 24. axb3 b4 25. Na2 Qb6 26. Rd4 a5 27. Rhd1 Rhd8
28. Qd2 d5 29. exd5 Rxd5 30. Rxd5 Bxd5 31. Ne5 Nxe5 32. fxe5 Rc8 33. Rf1 Qc7
34. Rf2 Qxe5 35. Nc1 Qe4 36. Rf4 Qe5 37. Nd3 Qc7 38. Qf2 Rf8 39. Nc5 Rc8 0-1

[Event "Politiken Cup"]
[Site "Copenhagen"]
[Date "2006.07.28"]
[Round "7.120"]
[White "Mølvig, Julius"]
[Black "Jørgensen, Morten"]
[Result "0-1"]
[WhiteElo "1000"]
[BlackElo "1473"]
[PlyCount "66"]
[EventDate "2006.??.??"]

1. d4 Nf6 2. c4 e6 3. Nc3 d5 4. Nf3 c5 5. Bf4 Bd6 6. Bxd6 Qxd6 7. Nb5 Qb6 8.
Qa4 Bd7 9. Ne5 O-O 10. Nd3 dxc4 11. dxc5 Qxb5 12. Qxb5 Bxb5 13. Nb4 Nbd7 14. e3
Rac8 15. Be2 Rxc5 16. O-O Rfc8 17. Rfe1 a5 18. Nc2 Ne5 19. Nd4 Ba6 20. b3 b5
21. a4 bxa4 22. Rxa4 Nd5 23. bxc4 Nc3 24. Rea1 Nxa4 25. Rxa4 Bxc4 26. Bd1 Bd5
27. Ne2 Bc6 28. Ra2 Rd8 29. Bb3 Bd5 30. Bxd5 Rcxd5 31. Kh1 Rd1+ 32. Ng1 Rxg1+
33. Kxg1 Rd1# 0-1

[Event "Politiken Cup"]
[Site "Copenhagen"]
[Date "2006.07.28"]
[Round "7.121"]
[White "Ovesen, Karsten"]
[Black "Forså, Elise"]
[Result "1-0"]
[WhiteElo "1407"]
[BlackElo "1020"]
[PlyCount "53"]
[EventDate "2006.??.??"]

1. d4 d5 2. Nf3 Nf6 3. Bg5 e6 4. e3 c6 5. Bd3 Bd6 6. Nbd2 b5 7. c3 Nbd7 8. e4
dxe4 9. Nxe4 Be7 10. Bxf6 Nxf6 11. Ne5 Qd5 12. Qf3 Bb7 13. O-O O-O 14. Rfe1
Rfd8 15. Qh3 b4 16. Nxf6+ Bxf6 17. Qxh7+ Kf8 18. Qh5 Bxe5 19. Rxe5 Qd7 20. Qh8+
Ke7 21. Qxg7 Rg8 22. Qh6 bxc3 23. Qh4+ Kd6 24. bxc3 Kc7 25. Rg5 Qe7 26. Qg3+
Qd6 27. Rxg8 1-0

[Event "Politiken Cup"]
[Site "Copenhagen"]
[Date "2006.07.28"]
[Round "7.122"]
[White "Nielsen, Bjørn"]
[Black "Kristensen, Steffen Michael"]
[Result "1/2-1/2"]
[WhiteElo "1090"]
[BlackElo "1319"]
[PlyCount "152"]
[EventDate "2006.??.??"]

1. e4 d5 2. d4 c6 3. e5 Bf5 4. Bd2 e6 5. Nf3 Nd7 6. Be2 Be7 7. O-O f6 8. Bf4
Qb6 9. b3 fxe5 10. Nxe5 Ngf6 11. c3 O-O 12. Nd2 c5 13. Nxd7 Nxd7 14. Be3 cxd4
15. cxd4 Qd6 16. Nf3 Nf6 17. Qd2 Ne4 18. Qe1 Qb4 19. Ne5 Qxe1 20. Rfxe1 Bb4 21.
Rec1 Nc3 22. Bf3 Nb5 23. Bg4 Bxg4 24. Nxg4 Rac8 25. Rxc8 Rxc8 26. Rc1 Rxc1+ 27.
Bxc1 Nxd4 28. Kf1 a6 29. Bb2 Nb5 30. a4 Nd6 31. f3 b5 32. Nf2 bxa4 33. bxa4 Nc4
34. Bc1 Bd2 35. Bxd2 Nxd2+ 36. Ke2 Nb1 37. Kd3 Na3 38. Ng4 Nc4 39. Kd4 Kf7 40.
Nf2 Nb6 41. Kc5 Nxa4+ 42. Kb4 Nb2 43. Ka5 d4 44. Kxa6 d3 45. Ne4 Nc4 46. Nc3 d2
47. Nd1 Kf6 48. Kb5 Nd6+ 49. Kb4 Ke5 50. Kc3 Nf5 51. g3 Nd4 52. f4+ Ke4 53.
Kxd2 Nf3+ 54. Ke2 Nxh2 55. Kf2 Ng4+ 56. Ke2 Kf5 57. Kf3 e5 58. fxe5 Nxe5+ 59.
Kg2 Ng4 60. Kf3 h5 61. Nc3 Nf6 62. Nd1 Nd5 63. Nf2 g5 64. g4+ hxg4+ 65. Nxg4
Nf6 66. Nxf6 Kxf6 67. Kg4 Kg6 68. Kg3 Kf5 69. Kf3 g4+ 70. Kg3 Kg5 71. Kg2 Kh4
72. Kh2 g3+ 73. Kg2 Kg4 74. Kg1 Kf3 75. Kf1 g2+ 76. Kg1 Kg3 1/2-1/2

[Event "Politiken Cup"]
[Site "Copenhagen"]
[Date "2006.07.28"]
[Round "7.123"]
[White "Christensen, Simon Ellegaard"]
[Black "Rasmussen, Rene Rosendahl"]
[Result "1-0"]
[WhiteElo "1480"]
[BlackElo "1144"]
[PlyCount "49"]
[EventDate "2006.??.??"]

1. d4 Nf6 2. Nf3 e6 3. Bf4 d6 4. e3 Be7 5. Bd3 O-O 6. c3 b6 7. Nbd2 Bb7 8. Qc2
Nbd7 9. O-O-O Rc8 10. Rdg1 c5 11. g4 g6 12. h4 Bxf3 13. Nxf3 Nd5 14. h5 Nxf4
15. exf4 cxd4 16. hxg6 dxc3 17. bxc3 Qc7 18. gxh7+ Kh8 19. g5 Qxc3 20. Qxc3+
Rxc3+ 21. Kd2 Ra3 22. g6 Bf6 23. Nh4 Rxa2+ 24. Ke3 Bxh4 25. g7# 1-0

[Event "Politiken Cup"]
[Site "Copenhagen"]
[Date "2006.07.28"]
[Round "7.124"]
[White "Tofte, Anders"]
[Black "Zyde, Furat"]
[Result "0-1"]
[WhiteElo "1000"]
[BlackElo "1200"]
[PlyCount "84"]
[EventDate "2006.??.??"]

1. e4 e5 2. Nc3 Nf6 3. Bc4 Nxe4 4. Nxe4 d5 5. Bb3 dxe4 6. Qh5 Qf6 7. Bd5 Bc5 8.
Nh3 Bxh3 9. Qxh3 Qxf2+ 10. Kd1 Nc6 11. Bxe4 Rd8 12. Qf3 Qxf3+ 13. Bxf3 O-O 14.
d3 f5 15. Bg5 Rd4 16. Be3 Rxd3+ 17. cxd3 Bxe3 18. Bxc6 bxc6 19. Ke2 Bd4 20.
Rac1 Rf6 21. b3 g5 22. Rc4 a6 23. Rhc1 c5 24. b4 cxb4 25. Rxc7 a5 26. Rc8+ Kg7
27. Ra8 Bb6 28. Rcc8 e4 29. d4 Bxd4 30. Rxa5 Bc3 31. Rb5 Ra6 32. a4 Rxa4 33.
Rc6 Bf6 34. Rxf5 Ra2+ 35. Kd1 Bc3 36. Rxg5+ Kf8 37. Rc8+ Kf7 38. Rc7+ Ke6 39.
Rc6+ Kd7 40. Rc4 e3 41. Re4 Rd2+ 42. Kc1 e2 0-1

[Event "Politiken Cup"]
[Site "Copenhagen"]
[Date "2006.07.28"]
[Round "7.125"]
[White "Gjedsted, Søren Havn"]
[Black "Thingstad, Tormod"]
[Result "1-0"]
[WhiteElo "1360"]
[BlackElo "1000"]
[PlyCount "25"]
[EventDate "2006.??.??"]

1. e4 e5 2. Nc3 Nc6 3. Bc4 Bc5 4. Qg4 Qf6 5. Nd5 Bxf2+ 6. Kf1 Qd6 7. Qxg7 Bb6
8. Qxh8 Qg6 9. Nf3 Kf8 10. d3 d6 11. Nh4 Qg4 12. Bh6+ Ke8 13. Nf6+ 1-0

[Event "Politiken Cup"]
[Site "Copenhagen"]
[Date "2006.07.28"]
[Round "7.126"]
[White "Holmen, Halfdan"]
[Black "Hausken, Morten"]
[Result "0-1"]
[WhiteElo "1000"]
[BlackElo "1400"]
[PlyCount "73"]
[EventDate "2006.??.??"]

1. e4 e5 2. Nf3 Nc6 3. Nc3 Nf6 4. d4 d5 5. dxe5 dxe4 6. Qxd8+ Nxd8 7. exf6 exf3
8. fxg7 Bxg7 9. gxf3 Rg8 10. Nd5 Ne6 11. Bh3 c6 12. Bxe6 cxd5 13. Bxd5 Ke7 14.
Rg1 Bc3+ 15. bxc3 Rxg1+ 16. Ke2 Rg2 17. Bf4 Kf6 18. Be4 Bf5 19. Bxf5 Kxf5 20.
Bg3 Rc8 21. Kf1 Rxg3 22. fxg3 Rxc3 23. Rb1 Rxc2 24. Rxb7 Rxa2 25. Rxf7+ Kg6 26.
Re7 a5 27. Re2 Ra3 28. Kg2 a4 29. f4 Rb3 30. Kh3 a3 31. Ra2 Kf5 32. Kh4 Rb2 33.
Rxb2 axb2 34. g4+ Kxf4 35. Kh5 b1=Q 36. Kh6 Kxg4 37. h4 0-1

[Event "Politiken Cup"]
[Site "Copenhagen"]
[Date "2006.07.28"]
[Round "7.127"]
[White "Mossiaguine, Arina"]
[Black "Larsen, Alex"]
[Result "0-1"]
[WhiteElo "1200"]
[BlackElo "1171"]
[PlyCount "59"]
[EventDate "2006.??.??"]

1. d4 d5 2. Bf4 Nf6 3. e3 c5 4. Nf3 Bg4 5. Be2 Nc6 6. c3 Qb6 7. Qd2 Ne4 8. Qc2
e6 9. Ne5 Bf5 10. f3 Nf2 11. Qb3 Qxb3 12. axb3 Nxh1 13. Nxc6 bxc6 14. c4 cxd4
15. exd4 Bb4+ 16. Nc3 O-O 17. Be3 Bc2 18. Kd2 Bxb3 19. Rxh1 a5 20. Ra1 dxc4 21.
Ke1 a4 22. Bd1 Bxd1 23. Kxd1 a3 24. Kc2 axb2 25. Kxb2 Rxa1 26. Kxa1 Bxc3+ 27.
Kb1 Ba5 28. Kc2 c3 29. Kd3 f5 30. Bd2 0-1